| 000 | 00799cam a2200229 4500 | ||
|---|---|---|---|
| 001 | ABS@61468 | ||
| 008 | 040617n2004 000 0 eng u | ||
| 035 | _a(Sirsi) u126498 | ||
| 100 | _aImpey, L. | ||
| 245 | _aMore red tape with waste regs | ||
| 260 | _c2004 | ||
| 490 |
_aFarmers' Weekly _v140(23) 4 June 2004, 51(1) |
||
| 520 | _aReports on new regulations extending waste management controls to agriculture. Farmers are being advised to consider how to reduce waste and change disposal practices before the new waste management regulations come into force later this year. | ||
| 590 | _aABS | ||
| 590 | _aABS | ||
| 650 | _aAGRICULTURAL WASTE | ||
| 650 | _aFARMERS | ||
| 650 | _aWASTE MINIMISATION | ||
| 650 | _aDIRECTIVE 75/442/EEC | ||
| 690 | _aWASTE MANAGEMENT | ||
| 942 | _n0 | ||
| 999 |
_c117533 _d117533 |
||